00356nam a2200133 a 45000010010000000030011000100080041000210350026000620820014000881000019001022450050001212600037001716500014002080000-9385ELIB.Books110520 1969  a(ELIB.Books)0000-9537 a251 bCri aCriswell, W.A. aWhy I Preach that the Bible Is Literally True bTennessee: Broadman Press c1969 aPreaching